Benchmarking a jeho využitie v bankovníctve

Definícia benchmarkingu z pohľadu rôznych autorov. Benchmarking ako systematický proces zlepšovania. Typológia benchmarkingu podľa konzultantov Maxona a Treftyho. Využitie externého benchmarkingu slovenskými bankami. Partnerský a konzorčný benchmarking v zahraničí. Slovenské agentúry ponúkajúce benc...

Descripción completa

Guardado en:
Detalles Bibliográficos
Autor principal: Kopec, Pavol
Formato: Capítulo de libro
Lenguaje:eslovaco
Materias:
Etiquetas: Agregar Etiqueta
Sin Etiquetas, Sea el primero en etiquetar este registro!

MARC

LEADER 00000naa$a2200000$$$4500
001 0035831
005 20240502071449.0
041 0 |a slo 
044 |a SK 
245 1 0 |a Benchmarking a jeho využitie v bankovníctve  |c Pavol Kopec 
520 |a Definícia benchmarkingu z pohľadu rôznych autorov. Benchmarking ako systematický proces zlepšovania. Typológia benchmarkingu podľa konzultantov Maxona a Treftyho. Využitie externého benchmarkingu slovenskými bankami. Partnerský a konzorčný benchmarking v zahraničí. Slovenské agentúry ponúkajúce benchmarkingové projekty. 
610 2 0 |a banky 
610 2 0 |a bankovníctvo 
610 2 0 |a riadenie podnikové 
610 2 0 |a metódy riadenia 
610 2 0 |a benchmarking 
610 2 0 |a konkurencia 
100 1 |a Kopec, Pavol